[Event "Taufkirchen Innviertler-ch 21st"]
[Site "Taufkirchen"]
[Date "2019.08.24"]
[Round "2.4"]
[White "Reitinger, Simon"]
[Black "Wiesner, Thomas"]
[Result "1/2-1/2"]
[WhiteElo "1942"]
[BlackElo "1656"]
[PlyCount "143"]
[EventDate "2019.08.23"]
[EventType "swiss"]
[EventRounds "5"]
[EventCountry "AUT"]
[SourceTitle "EXT 2024"]
[Source "ChessBase"]
[SourceDate "2023.10.10"]
[SourceVersion "1"]
[SourceVersionDate "2023.10.10"]
[SourceQuality "1"]

1. e4 c5 2. Nf3 d6 3. d4 cxd4 4. Nxd4 Nf6 5. Nc3 a6 6. Bg5 e6 7. Be2 Be7 8. Qd3 Qc7 9. 0-0 Nbd7 10. f4 b5 11. Bf3 Nc5 12. Qe2 Bb7 13. e5 dxe5 14. Bxb7 Nxb7 15. fxe5 Bc5 16. Rad1 Nd7 17. Bf4 Qb6 18. Qd2 Rd8 19. Ne4 Nb8 20. Nxc5 Qxc5 21. Qf2 0-0 22. c3 Rd5 23. Nf3 Qxf2+ 24. Kxf2 Rfd8 25. Ke2 Nc5 26. Rxd5 Rxd5 27. Rd1 Rxd1 28. Kxd1 Nd3 29. Bc1 Nc6 30. Kc2 Ncxe5 31. Nxe5 Nxe5 32. Kb3 f5 33. a4 bxa4+ 34. Kxa4 Nd3 35. Bg5 Nxb2+ 36. Ka5 Nc4+ 37. Kxa6 h6 38. Bc1 Kf7 39. Kb5 Nd6+ 40. Kc6 Ne4 41. c4 g5 42. Kd7 Nc5+ 43. Kd6 Nd3 44. Bd2 f4 45. c5 Nxc5 46. Kxc5 Kf6 47. Kc4 Kf5 48. Kd3 g4 49. g3 e5 50. Bc1 h5 51. Bd2 e4+ 52. Ke2 e3 53. Bxe3 fxe3 54. Kxe3 Ke5 55. Kf2 Kf5 56. Ke3 Kg5 57. Ke4 h4 58. Ke5 hxg3 59. hxg3 Kg6 60. Ke6 Kg5 61. Ke5 Kg6 62. Kf4 Kh6 63. Kxg4 Kg6 64. Kf4 Kf6 65. g4 Kg6 66. g5 Kg7 67. Kf5 Kf7 68. g6+ Kg7 69. Kg5 Kg8 70. Kh6 Kh8 71. g7+ Kg8 72. Kg6 1/2-1/2